<?xml version="1.0" encoding="UTF-8"?><?xml-stylesheet type="text/xsl" href="static/style.xsl"?><OAI-PMH xmlns="http://www.openarchives.org/OAI/2.0/" xmlns:xsi="http://www.w3.org/2001/XMLSchema-instance" xsi:schemaLocation="http://www.openarchives.org/OAI/2.0/ http://www.openarchives.org/OAI/2.0/OAI-PMH.xsd"><responseDate>2026-04-17T23:32:17Z</responseDate><request verb="GetRecord" identifier="oai:www.recercat.cat:10256/21845" metadataPrefix="marc">https://recercat.cat/oai/request</request><GetRecord><record><header><identifier>oai:recercat.cat:10256/21845</identifier><datestamp>2024-05-22T11:31:27Z</datestamp><setSpec>com_2072_452966</setSpec><setSpec>com_2072_2054</setSpec><setSpec>col_2072_452968</setSpec></header><metadata><record xmlns="http://www.loc.gov/MARC21/slim" xmlns:dcterms="http://purl.org/dc/terms/" xmlns:xsi="http://www.w3.org/2001/XMLSchema-instance" xmlns:doc="http://www.lyncode.com/xoai" xsi:schemaLocation="http://www.loc.gov/MARC21/slim http://www.loc.gov/standards/marcxml/schema/MARC21slim.xsd">
   <leader>00925njm 22002777a 4500</leader>
   <datafield ind2=" " ind1=" " tag="042">
      <subfield code="a">dc</subfield>
   </datafield>
   <datafield ind2=" " ind1=" " tag="720">
      <subfield code="a">Montón Martín, Daniel</subfield>
      <subfield code="e">author</subfield>
   </datafield>
   <datafield ind2=" " ind1=" " tag="260">
      <subfield code="c">2022-09</subfield>
   </datafield>
   <datafield ind2=" " ind1=" " tag="520">
      <subfield code="a">En este trabajo abordaremos la idea de justicia en Platón y Tucídides. Se da la circunstancia de que ninguno de estos autores escribió un tratado o un ensayo mediante el cual podamos conocer qué idea de justicia tuvieron. Platón fue un prolífico cultivador del diálogo filosófico, mientras que Tucídides escribió una historia sobre la guerra que enfrentara a las ligas peloponesia y ática a finales del siglo v a.C. En consecuencia solo podemos estudiar las ideas filosóficas presentes en sus obras a través de personajes como Trasímaco, Calicles, Cleón o Sócrates. Para contextualizar el debate sobre la justicia, lo situaremos entorno a la dicotomía physis-nomos, tema recurrente en las reflexiones de los sofistas. La referencia a Protágoras, Hipias, Antifonte, etc. es &#xd;
ineludible habida cuenta de que fueron precisamente ellos quienes iniciaron el movimiento intelectual que explica al Sócrates de la República y el Gorgias. Porque pensar es pensar contra alguien, y allí Sócrates se enfrenta a unas ideas de clara filiación sofística (algo que habrá que dirimir es si se está enfrentando a la sofística realmente existente o a un muñeco de paja). Grosso modo veremos cómo se pasa de un relativismo &#xd;
epistemológico a la exhortación del inmoralismo práctico. Cómo el análisis intelectual, que socava el fundamento tradicional de la moral, es considerado un peligro cierto para la sociedad. Todo ello nos dará el marco adecuado para abordar las respuestas de Sócrates</subfield>
   </datafield>
   <datafield ind1="8" ind2=" " tag="024">
      <subfield code="a">http://hdl.handle.net/10256/21845</subfield>
   </datafield>
   <datafield tag="653" ind2=" " ind1=" ">
      <subfield code="a">Tucídides</subfield>
   </datafield>
   <datafield tag="653" ind2=" " ind1=" ">
      <subfield code="a">Sophists (Greek philosophy)</subfield>
   </datafield>
   <datafield tag="653" ind2=" " ind1=" ">
      <subfield code="a">Sofistes (Filosofia grega)</subfield>
   </datafield>
   <datafield tag="653" ind2=" " ind1=" ">
      <subfield code="a">Justice (Philosophy)</subfield>
   </datafield>
   <datafield tag="653" ind2=" " ind1=" ">
      <subfield code="a">Justícia (Filosofia)</subfield>
   </datafield>
   <datafield tag="653" ind2=" " ind1=" ">
      <subfield code="a">Plató, 428 aC o 427 aC-348 aC o 347 aC</subfield>
   </datafield>
   <datafield ind2="0" ind1="0" tag="245">
      <subfield code="a">La idea de justicia en Platón y Tucídides</subfield>
   </datafield>
</record></metadata></record></GetRecord></OAI-PMH>